கதிர்காமத் திருமுருகன் /

Kathirgamath thiru mrugan...
Saved in:
Bibliographic Details
Format: Book
Language:English
Published: கொழும்பு - லண்டன் : கலைஔி முத்தையாபிள்ளை நினைவுக்குழு வௌியீடு, 2024.
Tags: Add Tag
No Tags, Be the first to tag this record!

MARC

LEADER 00000nam a2200000 4500
003 LK-CoNLD
005 20251117132013.0
008 251117b xxu||||| |||| 00| 0 eng d
017 |b LK-CoDNA 
040 |a LK-CoNLD  |b TAM  |c LK-CoNLD  |d LK-CoNLD 
245 |6 880-1  |a கதிர்காமத் திருமுருகன் /  |c  வ. ஞானபண்டிதன் பதி ; செல்லத்துரை சுதர்சன். 
260 |a கொழும்பு - லண்டன் :  |b கலைஔி முத்தையாபிள்ளை நினைவுக்குழு வௌியீடு,  |c 2024. 
300 |a ப. 183 ; 
880 |6 245-1  |a Kathirgamath thiru mrugan...  
942 |c BOOK 
945 |c 22  |d Logeshwary RAMASAMY  |a 22  |b Logeshwary RAMASAMY 
999 |c 294181  |d 294181